000 00756cam a22002294a 4500
001 12454087
005 20180301045624.0
008 010627s2001 maua 001 0 eng
010 _a 2001038307
020 _a0792374398 (pbk. : alk. paper)
040 _aDLC
_cDLC
_dDLC
041 _aeng
042 _apcc
080 _a621.395 jam
082 0 0 _a621.395 jam
_221
100 1 _a27
101 _aeng
245 1 0 _aRapid prototyping of digital systems :
_cJames O. Hamblen, Michael D. Furman.
906 _a7
_bcbc
_corignew
_d1
_eocip
_f20
_gy-gencatlg
942 _2ddc
_cBK
999 _c43803
_d43803